000 00643nam a2200205 a 4500
001 BRCA_1704
005 20190320203521.0
008 930408s1992 mx-a---###---s000-0#spa-#
020 _a9686084681
040 _aDLC
_cDLC
050 4 _aF1391.Q9
_b.T47 1992
245 1 0 _aTesoros de la ciudad de Querétaro
_c[texto Conrado Tostado].
260 _aMéxico
_bGobierno del Estado de Querétaro : Grupo Azabache
_c1992
300 _a164 p.
_bil. a color
_c31 cm.
650 1 4 _aArte colonial
_zMéxico
_95324
650 1 4 _aArte mexicano
_92321
651 4 _aQuerétaro
_xHistoria
_zMéxico
_95325
700 1 _aTostado, Conrado
_95326
942 _2lcc
_cB
999 _c1495
_d1495